[Event "FICGS W-ch st2 g03 email"]
[Site "FICGS email"]
[Date "2010.07.06"]
[Round "1"]
[White "Basiliev, Iouri"]
[Black "Ostrowski, Leszek"]
[Result "1/2-1/2"]
[WhiteElo "2206"]
[BlackElo "2312"]
[PlyCount "72"]
[EventDate "2010.??.??"]
[EventType "tourn (corr)"]
[EventRounds "6"]
[SourceTitle "Corr 2013"]
[Source "ChessBase"]
[SourceDate "2012.11.12"]
[SourceVersion "1"]
[SourceVersionDate "2012.11.12"]
[SourceQuality "1"]

1. e4 c5 2. Nf3 e6 3. d4 cxd4 4. Nxd4 Nc6 5. Nc3 Nf6 6. Ndb5 d6 7. Bf4 e5 8. Bg5 a6 9. Na3 b5 10. Bxf6 gxf6 11. Nd5 f5 12. Bd3 Be6 13. 0-0 Bxd5 14. exd5 Ne7 15. Nxb5 Bg7 16. Nc3 e4 17. Bc4 0-0 18. Qd2 Ng6 19. Rae1 Qh4 20. b3 Bh6 21. Qd1 Kh8 22. Re3 Bxe3 23. fxe3 Rg8 24. Rxf5 Ne5 25. Kh1 Rac8 26. Rf4 Qg5 27. g3 Nxc4 28. bxc4 Qe5 29. Nxe4 f5 30. Nf2 Qxe3 31. Rf3 Qe5 32. Qd3 Rgf8 33. Rf4 Rce8 34. Kg2 Kg8 35. Qa3 Rb8 36. Qd3 Rbe8 1/2-1/2

[Event "FICGS W-ch st2 g03 email"]
[Site "FICGS email"]
[Date "2010.07.06"]
[Round "1"]
[White "Hamby, Stephen"]
[Black "Basiliev, Iouri"]
[Result "0-1"]
[WhiteElo "2123"]
[BlackElo "2206"]
[PlyCount "148"]
[EventDate "2010.??.??"]
[EventType "tourn (corr)"]
[EventRounds "6"]
[SourceTitle "Corr 2022"]
[Source "ChessBase"]
[SourceDate "2021.10.24"]
[SourceVersion "1"]
[SourceVersionDate "2021.10.24"]
[SourceQuality "1"]

1. c4 e5 2. g3 Nf6 3. Bg2 Nc6 4. Nc3 Bc5 5. Nf3 d6 6. d3 h6 7. 0-0 0-0 8. a3 Bg4 9. b4 Bb6 10. Bb2 Qd7 11. Na4 Rfe8 12. Rc1 Bd4 13. Nxd4 Nxd4 14. Nc3 a5 15. b5 c6 16. f3 Bh3 17. Ne4 Bxg2 18. Nxf6+ gxf6 19. bxc6 bxc6 20. Kxg2 Rab8 21. Bxd4 exd4 22. Qd2 Qf5 23. Rb1 Kg7 24. h4 Qe6 25. Kf2 a4 26. Rh1 c5 27. Rhe1 Rxb1 28. Rxb1 Qh3 29. Rg1 Rb8 30. Qf4 Qe6 31. Qg4+ Kh8 32. Qf4 f5 33. Qd2 Rb3 34. Ra1 Kg7 35. Kf1 Qe5 36. Kg2 f4 37. gxf4 Qe6 38. h5 Kh7 39. Kg3 Qe7 40. Re1 Rxa3 41. f5 Rb3 42. Qf4 Qf6 43. Ra1 Rb2 44. Qe4 Rb8 45. Kh3 Rg8 46. f4 Qd8 47. Qb7 Qe8 48. Qe4 Qc8 49. Rxa4 Re8 50. Qd5 Re3+ 51. Kg2 Rxe2+ 52. Kf1 Qe8 53. Ra1 Rh2 54. Qf3 Qe7 55. Kg1 Rb2 56. f6 Qxf6 57. Qe4+ Kg7 58. Ra7 Rb8 59. Kg2 Kh8 60. Kh3 Qg7 61. Re7 Rf8 62. Qc6 Qf6 63. Qe4 Rg8 64. Ra7 Qg7 65. Qf3 Re8 66. Ra8 Qg8 67. Rxe8 Qxe8 68. Kg3 Kg7 69. Qg4+ Kf8 70. Qf3 Qe1+ 71. Kh3 Ke7 72. Qb7+ Kf6 73. Qc6 Qe6+ 74. Kg3 Kf5 0-1

[Event "FICGS W-ch st2 g02 email"]
[Site "FICGS email"]
[Date "2009.11.03"]
[Round "1"]
[White "Carrizo, Jose Luis"]
[Black "Basiliev, Iouri"]
[Result "1/2-1/2"]
[WhiteElo "2114"]
[BlackElo "2194"]
[PlyCount "52"]
[EventDate "2009.??.??"]
[EventType "tourn (corr)"]
[EventRounds "8"]
[SourceTitle "Corr 2022"]
[Source "ChessBase"]
[SourceDate "2021.10.24"]
[SourceVersion "1"]
[SourceVersionDate "2021.10.24"]
[SourceQuality "1"]

1. e4 c5 2. Nf3 d6 3. d4 cxd4 4. Nxd4 Nf6 5. Nc3 a6 6. Bg5 e6 7. f4 Qc7 8. Bxf6 gxf6 9. Qd2 Bd7 10. 0-0-0 Nc6 11. Kb1 0-0-0 12. Bc4 Kb8 13. Rhf1 Nxd4 14. Qxd4 Be7 15. Bb3 Qc5 16. Qd3 h5 17. Qh3 Rdg8 18. f5 Qe5 19. fxe6 Bxe6 20. Bxe6 fxe6 21. g3 Rc8 22. Rd3 Rhg8 23. Rf4 h4 24. Rg4 Rxg4 25. Qxg4 hxg3 26. hxg3 Bd8 1/2-1/2

[Event "FICGS W-ch st1 g08 email"]
[Site "FICGS email"]
[Date "2009.11.02"]
[Round "1"]
[White "Basiliev, Iouri"]
[Black "Malpass, Ian"]
[Result "1-0"]
[WhiteElo "2194"]
[BlackElo "1800"]
[PlyCount "31"]
[EventDate "2009.??.??"]
[EventType "tourn (corr)"]
[EventRounds "8"]
[SourceTitle "Corr 2022"]
[Source "ChessBase"]
[SourceDate "2021.10.24"]
[SourceVersion "1"]
[SourceVersionDate "2021.10.24"]
[SourceQuality "1"]

1. e4 e5 2. Nf3 Nc6 3. Bb5 a6 4. Ba4 Nf6 5. 0-0 Nxe4 6. d4 b5 7. Bb3 d5 8. dxe5 Be6 9. Nbd2 Nc5 10. c3 d4 11. Bxe6 Nxe6 12. cxd4 Ncxd4 13. a4 Be7 14. Nxd4 Nxd4 15. Ne4 0-0 16. axb5 1-0

[Event "FICGS W-ch st1 g08 email"]
[Site "FICGS email"]
[Date "2009.11.02"]
[Round "1"]
[White "Basiliev, Iouri"]
[Black "Sammut, Ronald"]
[Result "1-0"]
[WhiteElo "2194"]
[BlackElo "1990"]
[PlyCount "37"]
[EventDate "2009.??.??"]
[EventType "tourn (corr)"]
[EventRounds "8"]
[SourceTitle "Corr 2022"]
[Source "ChessBase"]
[SourceDate "2021.10.24"]
[SourceVersion "1"]
[SourceVersionDate "2021.10.24"]
[SourceQuality "1"]

1. e4 c5 2. Nf3 d6 3. d4 cxd4 4. Nxd4 Nf6 5. Nc3 a6 6. Be3 e6 7. Be2 Qc7 8. a4 b6 9. Qd2 Nbd7 10. 0-0-0 Be7 11. g4 Bb7 12. f3 Ne5 13. h4 Nc4 14. Bxc4 Qxc4 15. Kb1 Nd7 16. h5 Ne5 17. Bg5 f6 18. Bf4 Rc8 19. g5 1-0

[Event "FICGS theme 0000 email"]
[Site "FICGS email"]
[Date "2009.05.08"]
[Round "1"]
[White "Basiliev, Iouri"]
[Black "Nenciulescu, Silviu"]
[Result "1-0"]
[WhiteElo "2173"]
[BlackElo "2130"]
[PlyCount "85"]
[EventDate "2009.??.??"]
[EventType "swiss (corr)"]
[EventRounds "1"]
[SourceTitle "Corr 2022"]
[Source "ChessBase"]
[SourceDate "2021.10.24"]
[SourceVersion "1"]
[SourceVersionDate "2021.10.24"]
[SourceQuality "1"]

1. e4 e5 2. Nf3 Nc6 3. Bb5 Nd4 4. Nxd4 exd4 5. 0-0 Bc5 6. d3 c6 7. Bc4 d6 8. Qh5 Qe7 9. Bg5 Nf6 10. Qh4 h6 11. f4 Rh7 12. Bxf6 gxf6 13. Qg3 Qf8 14. Nd2 Rg7 15. Qh4 Be6 16. Qxf6 Rg6 17. Qh4 Rg4 18. Qh3 Bd7 19. e5 Rxf4 20. e6 fxe6 21. Bxe6 0-0-0 22. Bxd7+ Rxd7 23. Ne4 Rff7 24. Rxf7 Qxf7 25. Rf1 Qe7 26. Nf6 Qe3+ 27. Qxe3 dxe3 28. Nxd7 Kxd7 29. Kh1 d5 30. g3 Be7 31. Kg2 Ke6 32. d4 c5 33. dxc5 Bxc5 34. Kf3 a5 35. g4 d4 36. Ke4 a4 37. h3 b6 38. Kd3 Bb4 39. Rf5 Bd6 40. Rh5 Bf4 41. Ke2 Kd6 42. h4 Ke6 43. Kf3 1-0

[Event "FICGS W-ch st1 g12 email"]
[Site "FICGS email"]
[Date "2009.02.03"]
[Round "1"]
[White "Cirovic, Zeljko"]
[Black "Basiliev, Iouri"]
[Result "0-1"]
[WhiteElo "1632"]
[BlackElo "2146"]
[PlyCount "30"]
[EventDate "2009.??.??"]
[EventType "tourn (corr)"]
[EventRounds "8"]
[SourceTitle "Corr 2022"]
[Source "ChessBase"]
[SourceDate "2021.10.24"]
[SourceVersion "1"]
[SourceVersionDate "2021.10.24"]
[SourceQuality "1"]

1. e4 c5 2. Nf3 d6 3. c3 Nf6 4. d3 Nc6 5. h3 e5 6. Bg5 h6 7. Bh4 g5 8. Bg3 Nh5 9. Nxe5 Nxg3 10. Nxc6 Qb6 11. Qa4 Nxh1 12. Na5+ Bd7 13. Qa3 c4 14. d4 d5 15. Nxc4 Qf6 0-1

[Event "FICGS rapid M 000014 email"]
[Site "FICGS email"]
[Date "2008.12.07"]
[Round "1"]
[White "Basiliev, Iouri"]
[Black "Broniek, Mariusz Maciej"]
[Result "1-0"]
[WhiteElo "2174"]
[BlackElo "2113"]
[PlyCount "99"]
[EventDate "2008.??.??"]
[EventType "tourn (rapid)"]
[EventRounds "6"]
[SourceTitle "Corr 2022"]
[Source "ChessBase"]
[SourceDate "2021.10.24"]
[SourceVersion "1"]
[SourceVersionDate "2021.10.24"]
[SourceQuality "1"]

1. e4 c5 2. Nf3 d6 3. d4 cxd4 4. Nxd4 Nf6 5. Nc3 a6 6. Be3 e5 7. Nb3 Be6 8. f3 Be7 9. Qd2 0-0 10. 0-0-0 b5 11. g4 b4 12. Nd5 Bxd5 13. exd5 a5 14. Kb1 Qc7 15. g5 Nfd7 16. h4 Nb6 17. Nc5 dxc5 18. d6 Bxd6 19. Qxd6 Qxd6 20. Rxd6 Nc8 21. Rd1 Na6 22. h5 Ne7 23. Bc4 g6 24. hxg6 Nxg6 25. Rd6 Nc7 26. Rd7 Rac8 27. Bxc5 Ne6 28. Bxf8 Rxc4 29. Bh6 Rc8 30. Rhd1 Nd4 31. c3 bxc3 32. bxc3 Rb8+ 33. Kc1 Rc8 34. Kb2 Nc6 35. R1d6 Nf8 36. Bxf8 Kxf8 37. a4 Ke8 38. Rb7 Nd8 39. Ra7 e4 40. fxe4 Nc6 41. Rb7 Nd8 42. Rb5 Kf8 43. Rdb6 Rc7 44. Rb8 Ke7 45. Rxa5 Ne6 46. Rf5 Nc5 47. a5 Nd7 48. Rg8 Ra7 49. Rg7 Nf8 50. Rgxf7+ 1-0

[Event "FICGS rapid M 000014 email"]
[Site "FICGS email"]
[Date "2008.12.07"]
[Round "1"]
[White "Koch, Christian"]
[Black "Basiliev, Iouri"]
[Result "1/2-1/2"]
[WhiteElo "2186"]
[BlackElo "2174"]
[PlyCount "119"]
[EventDate "2008.??.??"]
[EventType "tourn (rapid)"]
[EventRounds "6"]
[SourceTitle "Corr 2022"]
[Source "ChessBase"]
[SourceDate "2021.10.24"]
[SourceVersion "1"]
[SourceVersionDate "2021.10.24"]
[SourceQuality "1"]

1. e4 c5 2. Nc3 Nc6 3. g3 g6 4. h3 Bg7 5. Bg2 d6 6. Nge2 e5 7. d3 Nge7 8. f4 0-0 9. 0-0 Be6 10. Nd5 Qd7 11. Kh2 f5 12. Bd2 Rab8 13. a3 fxe4 14. dxe4 b5 15. Rb1 Nd4 16. Nxd4 cxd4 17. Nb4 Rbc8 18. Rc1 exf4 19. Bxf4 a5 20. Nd3 Nc6 21. Bd2 Rxf1 22. Bxf1 a4 23. Qe2 Ne5 24. Nxe5 Bxe5 25. Qxb5 Qf7 26. Qe2 h5 27. Kg2 Rb8 28. Rb1 Kg7 29. Qd3 h4 30. Bf4 Ba2 31. Rc1 Rxb2 32. Be2 Bxf4 33. gxf4 Qxf4 34. Qxd4+ Qe5 35. Qa7+ Kh6 36. Qe3+ Qg5+ 37. Kf2 Qxe3+ 38. Kxe3 Be6 39. Bd3 Ra2 40. Rb1 Rxa3 41. Kd4 Kg5 42. Rh1 Kf6 43. Rf1+ Kg7 44. Rg1 Ra2 45. Kc3 Kf7 46. e5 dxe5 47. Bxg6+ Kf6 48. Bd3 Bd5 49. Rg6+ Ke7 50. Rg4 a3 51. Rxh4 Ra1 52. Ra4 a2 53. Bc4 Bxc4 54. Kxc4 Ke6 55. Kc3 Kf5 56. Kb2 Rh1 57. Rxa2 Rxh3 58. Ra8 e4 59. c4 e3 60. Kc3 1/2-1/2

[Event "FICGS rapid M 000014 email"]
[Site "FICGS email"]
[Date "2008.12.07"]
[Round "1"]
[White "Lemekhov, Yura"]
[Black "Basiliev, Iouri"]
[Result "1/2-1/2"]
[WhiteElo "2111"]
[BlackElo "2174"]
[PlyCount "64"]
[EventDate "2008.??.??"]
[EventType "tourn (rapid)"]
[EventRounds "6"]
[SourceTitle "Corr 2022"]
[Source "ChessBase"]
[SourceDate "2021.10.24"]
[SourceVersion "1"]
[SourceVersionDate "2021.10.24"]
[SourceQuality "1"]

1. d4 d5 2. c4 c6 3. Nf3 Nf6 4. Nc3 e6 5. Bg5 dxc4 6. e4 b5 7. e5 h6 8. Bh4 g5 9. Nxg5 hxg5 10. Bxg5 Nbd7 11. g3 Bb7 12. Bg2 Rg8 13. h4 Rxg5 14. hxg5 Nd5 15. g6 fxg6 16. Qg4 Qe7 17. Qxg6+ Qf7 18. Qxf7+ Kxf7 19. Rh7+ Bg7 20. Bxd5 exd5 21. e6+ Kg6 22. Rxg7+ Kxg7 23. exd7 Rd8 24. f4 b4 25. Na4 Rxd7 26. Kf2 Bc8 27. g4 Kf6 28. Rh1 Rg7 29. g5+ Kf7 30. Nc5 a5 31. Rh6 Rg6 32. Rh2 Kg7 1/2-1/2

[Event "FICGS class A 000046 email"]
[Site "FICGS email"]
[Date "2008.11.13"]
[Round "1"]
[White "Basiliev, Iouri"]
[Black "Gounant, Stanislas"]
[Result "1-0"]
[WhiteElo "2174"]
[BlackElo "2047"]
[PlyCount "53"]
[EventDate "2008.??.??"]
[EventType "tourn (corr)"]
[EventRounds "6"]
[SourceTitle "Corr 2022"]
[Source "ChessBase"]
[SourceDate "2021.10.24"]
[SourceVersion "1"]
[SourceVersionDate "2021.10.24"]
[SourceQuality "1"]

1. e4 e5 2. Nf3 Nc6 3. Bb5 Nf6 4. 0-0 Nxe4 5. d4 Be7 6. Qe2 Nd6 7. Bxc6 bxc6 8. dxe5 Nb7 9. Be3 0-0 10. Nbd2 c5 11. Rad1 d5 12. exd6 cxd6 13. Rfe1 Bf5 14. Nb3 Qb6 15. Bxc5 dxc5 16. Qxe7 Bxc2 17. Rd7 Rab8 18. h3 Bf5 19. Rc7 h6 20. Nxc5 Rbe8 21. Qxe8 Qxc7 22. Qe5 Qxc5 23. Qxc5 Nxc5 24. Re5 Bxh3 25. Rxc5 Bg4 26. Nd4 Rd8 27. Rc4 1-0

[Event "FICGS class A 000046 email"]
[Site "FICGS email"]
[Date "2008.11.13"]
[Round "1"]
[White "Nichols, Scott"]
[Black "Basiliev, Iouri"]
[Result "1/2-1/2"]
[WhiteElo "2036"]
[BlackElo "2174"]
[PlyCount "84"]
[EventDate "2008.??.??"]
[EventType "tourn (corr)"]
[EventRounds "6"]
[SourceTitle "Corr 2022"]
[Source "ChessBase"]
[SourceDate "2021.10.24"]
[SourceVersion "1"]
[SourceVersionDate "2021.10.24"]
[SourceQuality "1"]

1. e4 c5 2. d4 cxd4 3. c3 dxc3 4. Nxc3 e6 5. Nf3 d6 6. Bf4 Nc6 7. Qb3 Nge7 8. 0-0-0 Ng6 9. Bg3 a6 10. Kb1 Qa5 11. Bxd6 Bxd6 12. Rxd6 0-0 13. h4 Qc5 14. Rd2 b5 15. h5 Nge5 16. Nxe5 Qxe5 17. h6 g6 18. g3 Qg5 19. Qd1 Bb7 20. Qe1 Rfd8 21. f4 Qc5 22. Bg2 Rxd2 23. Qxd2 Rd8 24. Qe2 b4 25. Na4 Qa5 26. b3 Nd4 27. Qe3 Bc6 28. Rc1 Bxa4 29. bxa4 Kf8 30. Rc4 e5 31. fxe5 Qxe5 32. Qf4 Qxf4 33. gxf4 Ne2 34. f5 Nc3+ 35. Kc1 Nxa4 36. a3 a5 37. axb4 axb4 38. Rxb4 Nc5 39. Rb5 Nd3+ 40. Kb1 Re8 41. f6 Ne5 42. Rb6 Ng4 1/2-1/2

[Event "FICGS class A 000046 email"]
[Site "FICGS email"]
[Date "2008.11.13"]
[Round "1"]
[White "Van der Kemp, Michel"]
[Black "Basiliev, Iouri"]
[Result "1-0"]
[WhiteElo "1996"]
[BlackElo "2174"]
[PlyCount "123"]
[EventDate "2008.??.??"]
[EventType "tourn (corr)"]
[EventRounds "6"]
[SourceTitle "Corr 2022"]
[Source "ChessBase"]
[SourceDate "2021.10.24"]
[SourceVersion "1"]
[SourceVersionDate "2021.10.24"]
[SourceQuality "1"]

1. e4 c5 2. Nf3 d6 3. d4 cxd4 4. Nxd4 Nf6 5. Nc3 a6 6. Bg5 e6 7. f4 Qb6 8. Qd2 Qxb2 9. Rb1 Qa3 10. e5 dxe5 11. fxe5 Nfd7 12. Ne4 h6 13. Bh4 Qxa2 14. Rd1 Qd5 15. Qe3 Qxe5 16. Be2 Bc5 17. Bg3 Bxd4 18. Rxd4 Qa5+ 19. Rd2 0-0 20. Bd6 Rd8 21. Qg3 Qf5 22. Be5 Qg6 23. Qh4 Nc6 24. Bh5 Qf5 25. Bxg7 Nc5 26. Nxc5 Kxg7 27. Rf1 Qe5+ 28. Ne4 Qa1+ 29. Rd1 Rxd1+ 30. Bxd1 Qe5 31. Rf6 Bd7 32. Qxh6+ Kg8 33. Rf4 f5 34. Rh4 Rd8 35. Rh3 Qxe4+ 36. Kf1 Qe5 37. Rg3+ Qxg3 38. hxg3 Be8 39. Bf3 Rd6 40. g4 fxg4 41. Be4 Rd1+ 42. Kf2 Rd7 43. Qxe6+ Kf8 44. Qxg4 Rd2+ 45. Ke3 Rd6 46. Qc8 Rd7 47. Bxc6 bxc6 48. Qxa6 Re7+ 49. Kd4 Re6 50. Qa3+ Kg7 51. Qh3 Rg6 52. Kc5 Bf7 53. Qf5 Rf6 54. Qe5 Bg6 55. g4 Kf7 56. Qc7+ Ke8 57. Qg7 Re6 58. c3 Be4 59. g5 Bg6 60. Kb6 Be4 61. Qg8+ Ke7 62. Kc7 1-0

[Event "FICGS rapid M 000010 email"]
[Site "FICGS email"]
[Date "2008.07.04"]
[Round "1"]
[White "Basiliev, Iouri"]
[Black "Ould Ahmed, Samy"]
[Result "1-0"]
[WhiteElo "2159"]
[BlackElo "2105"]
[PlyCount "45"]
[EventDate "2008.??.??"]
[EventType "tourn (rapid)"]
[EventRounds "6"]
[SourceTitle "Corr 2022"]
[Source "ChessBase"]
[SourceDate "2021.10.24"]
[SourceVersion "1"]
[SourceVersionDate "2021.10.24"]
[SourceQuality "1"]

1. e4 c5 2. Nf3 d6 3. d4 cxd4 4. Nxd4 Nf6 5. Nc3 a6 6. Bc4 e6 7. Bb3 Be7 8. f4 0-0 9. Be3 Nc6 10. Qf3 Nxd4 11. Bxd4 b5 12. a3 Bb7 13. g4 Rc8 14. 0-0-0 Qc7 15. g5 Nd7 16. f5 Bxg5+ 17. Kb1 e5 18. Rhg1 Bf6 19. Be3 Nc5 20. Bh6 Kh8 21. Bxg7+ Bxg7 22. f6 Bh6 23. Qh5 1-0

[Event "FICGS class A 000039 email"]
[Site "FICGS email"]
[Date "2008.04.13"]
[Round "1"]
[White "Basiliev, Iouri"]
[Black "Pechova, Hana"]
[Result "1-0"]
[WhiteElo "2067"]
[BlackElo "2000"]
[PlyCount "63"]
[EventDate "2008.??.??"]
[EventType "tourn (corr)"]
[EventRounds "6"]
[SourceTitle "Corr 2022"]
[Source "ChessBase"]
[SourceDate "2021.10.24"]
[SourceVersion "1"]
[SourceVersionDate "2021.10.24"]
[SourceQuality "1"]

1. e4 c5 2. Nf3 Nc6 3. d4 cxd4 4. Nxd4 Nf6 5. Nc3 e5 6. Ndb5 d6 7. Bg5 a6 8. Na3 b5 9. Bxf6 gxf6 10. Nd5 f5 11. Bd3 Be6 12. 0-0 Bxd5 13. exd5 Ne7 14. Nxb5 Bg7 15. Nc3 e4 16. Bc4 Qa5 17. Qd2 Rc8 18. Bb3 Bxc3 19. bxc3 Qxc3 20. Qh6 Qe5 21. f3 Rg8 22. fxe4 fxe4 23. Qf6 Qxf6 24. Rxf6 Rg6 25. Raf1 Rxf6 26. Rxf6 Rd8 27. Rf4 f5 28. g4 Kf7 29. gxf5 e3 30. Kg2 Kf6 31. Kf3 Nxf5 32. Bc4 1-0

[Event "FICGS theme 0000 email"]
[Site "FICGS email"]
[Date "2008.02.18"]
[Round "1"]
[White "Basiliev, Iouri"]
[Black "Hess, Volker"]
[Result "1-0"]
[WhiteElo "1900"]
[BlackElo "1319"]
[PlyCount "37"]
[EventDate "2008.??.??"]
[EventType "swiss (corr)"]
[EventRounds "1"]
[SourceTitle "Corr 2022"]
[Source "ChessBase"]
[SourceDate "2021.10.24"]
[SourceVersion "1"]
[SourceVersionDate "2021.10.24"]
[SourceQuality "1"]

1. e4 d5 2. exd5 Nf6 3. c4 e6 4. dxe6 Bxe6 5. Nf3 Bd6 6. d4 0-0 7. Be2 Re8 8. 0-0 Bg4 9. Be3 Nc6 10. h3 Bf5 11. Nc3 Bb4 12. Rc1 Qe7 13. Nd5 Nxd5 14. cxd5 Na5 15. a3 Bd6 16. b4 Bxb4 17. axb4 Qxb4 18. Bd2 Qa3 19. Ra1 1-0

[Event "FICGS theme 0000 email"]
[Site "FICGS email"]
[Date "2008.02.18"]
[Round "1"]
[White "Coll, Julien"]
[Black "Basiliev, Iouri"]
[Result "0-1"]
[WhiteElo "1791"]
[BlackElo "1900"]
[PlyCount "30"]
[EventDate "2008.??.??"]
[EventType "swiss (corr)"]
[EventRounds "1"]
[SourceTitle "Corr 2022"]
[Source "ChessBase"]
[SourceDate "2021.10.24"]
[SourceVersion "1"]
[SourceVersionDate "2021.10.24"]
[SourceQuality "1"]

1. e4 d5 2. exd5 Nf6 3. c4 e6 4. dxe6 Bxe6 5. Nf3 Qe7 6. Qe2 Nc6 7. d4 Bf5 8. Qxe7+ Bxe7 9. a3 Na5 10. Nbd2 c5 11. Be2 0-0-0 12. d5 Rhe8 13. 0-0 b5 14. b3 Bd6 15. Re1 Bc2 0-1

[Event "FICGS rapid A 000038 email"]
[Site "FICGS email"]
[Date "2008.01.27"]
[Round "1"]
[White "Jacobsen, Ole"]
[Black "Basiliev, Iouri"]
[Result "0-1"]
[WhiteElo "2093"]
[BlackElo "1900"]
[PlyCount "26"]
[EventDate "2008.??.??"]
[EventType "tourn (rapid)"]
[EventRounds "6"]
[SourceTitle "Corr 2022"]
[Source "ChessBase"]
[SourceDate "2021.10.24"]
[SourceVersion "1"]
[SourceVersionDate "2021.10.24"]
[SourceQuality "1"]

1. e4 c5 2. c3 Nf6 3. e5 Nd5 4. d4 cxd4 5. cxd4 d6 6. Nf3 Nc6 7. Bc4 Nb6 8. Bb5 Bd7 9. Nc3 dxe5 10. dxe5 g6 11. h3 a6 12. Bxc6 Bxc6 13. Qb3 Nd5 0-1

[Event "FICGS rapid A 000038 email"]
[Site "FICGS email"]
[Date "2008.01.27"]
[Round "1"]
[White "Tomlin, Lincoln"]
[Black "Basiliev, Iouri"]
[Result "0-1"]
[WhiteElo "1955"]
[BlackElo "1900"]
[PlyCount "82"]
[EventDate "2008.??.??"]
[EventType "tourn (rapid)"]
[EventRounds "6"]
[SourceTitle "Corr 2022"]
[Source "ChessBase"]
[SourceDate "2021.10.24"]
[SourceVersion "1"]
[SourceVersionDate "2021.10.24"]
[SourceQuality "1"]

1. d4 d5 2. Nf3 Nf6 3. e3 g6 4. Bd3 Bg7 5. 0-0 0-0 6. c4 c5 7. Nc3 Nc6 8. h3 cxd4 9. exd4 dxc4 10. Bxc4 Na5 11. Bd3 Be6 12. Re1 Nc6 13. Bc2 Qb6 14. Na4 Qc7 15. Rxe6 fxe6 16. Nc5 Nd8 17. Bb3 Qc6 18. Bd2 Ne4 19. Rc1 Nxd2 20. Qxd2 Qd6 21. Qe3 Rc8 22. Rc2 Kh8 23. Ne5 Bxe5 24. dxe5 Qb6 25. a3 a5 26. Ba4 Qa7 27. Rc3 Rc7 28. Bc2 Rg8 29. Bb3 b6 30. Ne4 Rxc3 31. bxc3 Qc7 32. Ng5 Rf8 33. h4 Qc5 34. Qxc5 bxc5 35. g3 Nf7 36. Nxf7+ Rxf7 37. f4 Rf8 38. Kf2 Rb8 39. Bxe6 Rb6 40. Bd5 Rb1 41. Ke3 Ra1 0-1